All 100k Cities of Colombia - With a Map - Statistics

General Stats
  • This quiz has been taken 1,043 times
  • The average score is 27 of 58
Answers on the Map
Answers color-coded by a green-red scale on the quiz's map according to % correct below.
 
Answer Stats
Population City % Correct
7,715,800 Bogotá
97%
2,490,200 Medellín
95%
2,205,700 Cali
93%
1,273,600 Barranquilla
90%
914,600 Cartagena
89%
748,900 Cúcuta
76%
597,300 Bucaramanga
75%
484,000 Santa Marta
75%
399,300 Pereira
66%
305,400 Pasto
65%
502,000 Ibagué
63%
468,200 Valledupar
62%
297,100 Armenia
61%
395,200 Montería
59%
420,900 Manizales
58%
664,100 Soledad
58%
502,000 Villavicencio
58%
238,600 Buenaventura
56%
340,500 Neiva
56%
536,400 Bello
54%
267,400 Popayán
53%
749,000 Soacha
53%
147,200 Riohacha
52%
171,500 Tunja
51%
259,400 Sincelejo
50%
112,400 Quibdó
47%
152,500 Florencia
44%
265,500 Itagüí
43%
183,700 Barrancabermeja
42%
152,400 Yopal
41%
234,100 Envigado
39%
295,700 Floridablanca
39%
124,300 Chía
38%
279,500 Palmira
37%
120,800 Madrid
35%
178,000 Tuluá
35%
118,900 Maicao
33%
109,800 Buga
32%
105,900 Girardot
31%
116,000 Sogamoso
31%
107,300 Apartadó
30%
132,700 Cartago
30%
122,000 Zipaquirá
30%
112,300 Duitama
29%
110,300 Ciénaga
27%
148,700 Mosquera
27%
116,200 Ocaña
27%
213,500 Dosquebradas
26%
103,300 Funza
26%
152,600 Girón
26%
130,100 Jamundí
26%
145,100 Facatativá
25%
132,600 Fusagasugá
25%
150,500 Piedecuesta
25%
130,100 Malambo
24%
103,200 Aguachica
23%
103,800 Turbaco
21%
108,000 Villa del Rosario
21%
No matching quizzes found
Score Distribution
Percent of People with Each Score
Percentile by Number Answered
Your Score History
You have not taken this quiz